Statistics for Top 20 Words Starting With CH

Click here to take the quiz!

General Stats

  • This quiz has been taken 981 times
  • The average score is 7 of 20

Answer Stats

freq word % Correct
236choose
68%
191chair
58%
977change
55%
954child
52%
199check
50%
91chain
44%
467children
44%
259choice
42%
296chance
42%
443church
39%
84champion
39%
107cheap
38%
322charge
34%
171challenge
30%
101china
25%
108channel
21%
236chief
19%
211character
17%
318chapter
17%
232chairman
9%

Score Distribution

Percentile by Number Answered

Percent of People with Each Score

Your Score History

You have not taken this quiz